000 00626nam a22002057a 4500
005 20150415124530.0
010 _aENG-112475
020 _a9789339219116
_c525.00
020 _a9339219112
_c525.00
035 _aEN-96007
037 _bDBAD/PUB
082 _a658.83
100 _aVenugopal, Pingali
245 _aMarketing research :
_cby Pingali Venugopal
_ba user's perspective /
260 _aNoida
_bMcGraw Hill Education
_c2015
270 _aB-4, Sector-63, Gautam Budh Nagar,
_bNoida
_e201301
300 _axvii,261p.
_c24cm(pbk)
500 _aIncludes index
942 _2ddc
_cEN
_mVEN
_h658.83
999 _c92756
_d92756